000 00544nam a2200181Ia 4500
008 240729s9999 xx 000 0 und d
022 _a2297-055X
245 0 _aFrontiers in Cardiovascular Medicine
260 _aSwitzerland
260 _bFrontiers Media S.A.
650 _a Diseases of the circulatory (Cardiovascular) system
650 _a Internal medicine
650 _a Specialties of internal medicine
650 _aMedicine
856 _uhttps://doaj.org/toc/ff0fdc693a6d4013b3e2d43857d3bd79
942 _2ddc
942 _cDOAJEJ
999 _c73455
_d73455
945 _a1
_bMadushi Gamage
_c1
_dMadushi Gamage